[Event "FIDE Olympiad Disabilties-KO 2020"]
[Site "Online"]
[Date "2020.11.21"]
[Round "1.1"]
[White "Yarmonov, Igor"]
[Black "Tazbir, Marcin"]
[Result "1/2-1/2"]
[WhiteElo "2391"]
[BlackElo "2513"]
[Annotator "TA"]
[PlyCount "30"]
[EventDate "2020.11.29"]
[EventType "team-tourn"]
[EventCountry "NET"]
[SourceTitle "playchess.com"]
[Source "ChessBase"]
[SourceQuality "1"]

{[%evp 19,30,41,43,39,42,31,63,42,68,58,77,97,93]} 1. d4 Nf6 2. c4 e6 3. Nc3 Bb4 4. Qc2 O-O 5. a3 Bxc3+ 6. Qxc3 h6 7. e3 b6 8. Nf3 Bb7 9. Be2 d6 10. O-O Nbd7 11. Rd1 {E32: Nimzo-Indian: Classical (4 Qc2): 4...0-0.} Qe7 12. b4 {[%cal Bb2b4,Bb4b5][%mdl 32]} c5 {[#]} 13. Bb2 $146 ({Predecessor:} 13. dxc5 dxc5 14. Bb2 Rfd8 15. Nd2 e5 16. f3 a5 17. b5 Ne8 18. Nf1 e4 19. f4 {1-0 (51) Herrberg,W (1834)-Knoeppel,P (1774) GER email 2006}) 13... Rac8 14. dxc5 bxc5 15. b5 Ba8 {White took control after the opening.  Weighted Error Value: White=0.04/Black=0.16} 1/2-1/2

[Event "FIDE Olympiad Disabilties-KO 2020"]
[Site "Online"]
[Date "2020.11.21"]
[Round "1.1"]
[White "Babarykin, Stanislav"]
[Black "Lapaj, Mateusz"]
[Result "1-0"]
[WhiteElo "2387"]
[BlackElo "2216"]
[Annotator "TA"]
[PlyCount "67"]
[EventDate "2020.11.29"]
[EventType "team-tourn"]
[EventCountry "NET"]
[SourceTitle "playchess.com"]
[Source "ChessBase"]
[SourceQuality "1"]

{[%evp 15,67,-7,0,0,59,60,50,54,58,56,56,69,335,45,808,802,751,803,774,781,743,740,739,717,680,764,702,562,542,312,323,326,308,331,320,320,319,275,269,249,291,250,346,300,877,836,836,836,852,820,833,828,819,677]} 1. d4 Nf6 2. Bf4 d5 3. e3 c5 4. c3 Nc6 5. Nd2 e6 6. Ngf3 Bd6 7. Bg3 O-O 8. Bd3 b6 9. e4 {D02: 1 d4 d5 2 Nf3 sidelines, including 2...Nf6 3 g3 and 2...Nf6 3 Bf4.} dxe4 (9... Be7 $11) 10. Nxe4 $14 Nxe4 11. Bxe4 {And now dxc5 would win.White is slightly better.} Bb7 12. dxc5 Bxc5 13. Qa4 Qc8 $2 {[%mdl 8192] [#]} ({Black should try} 13... Rc8 $14) 14. O-O $2 {[#]} ({White has to play} 14. Bxh7+ $1 $18 {[%mdl 512]} Kxh7 15. Qh4+ Kg8 16. Ng5) 14... a6 $146 {[%mdl 8192] [#]} (14... h6 $14) ({Predecessor:} 14... Be7 15. Rad1 Rd8 16. Rxd8+ Nxd8 17. Qe8+ Bf8 18. Bxh7+ Kxh7 19. Qxf8 Bxf3 20. gxf3 Qb7 {1-0 (48) Filipovic,B (2378)-Hadzipasic,E (2076) Pula 2018}) 15. Bxh7+ $1 $18 {[%mdl 512]} Kxh7 16. Qh4+ Kg8 17. Ng5 {[%csl Gg5][%cal Rh4h7]} Rd8 18. Qh7+ Kf8 19. Qh8+ Ke7 20. Qxg7 {[%csl Gg5][%cal Rg7f7]} Rf8 21. Bh4 Ke8 22. Ne4 Be7 {intending ...Qc7.} 23. Rad1 {aiming for Bxe7.} (23. Bxe7 Kxe7 24. Rad1 Rg8 $18) 23... Bxh4 24. Nd6+ {[%mdl 64] Double Attack} Ke7 25. Nxc8+ Raxc8 26. Qg4 Bf6 {Now ...Rg8 and Black clings on.} 27. Rfe1 Rg8 28. Qf4 {Threatens to win with Qd6+.} e5 29. Qe3 b5 $2 (29... Nb8 30. g3 Nd7) 30. Qb6 {White is clearly winning.} Ba8 31. Qc5+ Ke8 32. Qd6 Ne7 33. Qxf6 Bxg2 34. Rxe5 {Black got outplayed after the opening.  Weighted Error Value: White=0.64/Black=0.54} 1-0

[Event "FIDE Olympiad Disabilties-KO 2020"]
[Site "Online"]
[Date "2020.11.21"]
[Round "1.1"]
[White "Molenda, Marcin"]
[Black "Bondarets, Vadim"]
[Result "1-0"]
[WhiteElo "2349"]
[BlackElo "2210"]
[Annotator "TA"]
[PlyCount "129"]
[EventDate "2020.11.29"]
[EventType "team-tourn"]
[EventCountry "NET"]
[SourceTitle "playchess.com"]
[Source "ChessBase"]
[SourceQuality "1"]

{[%evp 14,129,44,42,52,36,72,29,45,0,0,0,-7,-2,0,0,0,0,40,54,64,57,30,31,127,130,162,175,162,153,169,146,141,131,118,107,109,110,110,107,106,107,110,81,89,90,87,91,82,78,118,100,104,71,59,54,55,72,69,31,31,32,32,0,6,4,4,6,5,5,5,0,0,0,0,0,0,0,8,0,0,0,0,0,0,0,15,15,17,0,0,0,0,0,0,0,102,0,0,0,984,0,0,0,0,0,0,0,0,0,0,0,0,0,0,0,5065,5065]} 1. d4 d6 2. Nf3 f5 3. b3 Nf6 4. Bb2 e6 5. c4 Be7 6. g3 O-O 7. Bg2 c6 8. O-O Qe8 {A04: Unusual lines after 1 Nf3 and King's Indian Attack.} 9. Nc3 Nbd7 10. Ng5 {[#]} Nb6 $146 {White has an edge.} ({Predecessor:} 10... Bd8 11. e4 Ng4 12. Nf3 f4 13. h3 Nh6 14. g4 e5 15. b4 Nf7 16. d5 c5 {1-0 (51) Riedel,H (2180)-Mayer,H Baden 1996}) 11. e4 ({White should try} 11. a4 $14) 11... h6 $11 12. Nh3 fxe4 13. Nxe4 Nxe4 14. Bxe4 e5 15. Bg2 e4 16. d5 cxd5 17. cxd5 Qf7 18. Nf4 Bg5 {[#]} (18... Bf5 $14) 19. Nh5 $1 $16 Qxd5 20. Qxd5+ ({Weaker is} 20. Nxg7 Qxd1 21. Raxd1 d5 $14) 20... Nxd5 21. Bxe4 Nf6 22. Nxf6+ Bxf6 23. Bxf6 Rxf6 24. Rfe1 Rb8 25. Bd5+ Kf8 26. Rac1 Rf5 27. Red1 Re5 28. Rc7 {And now Rf7+ would win.} Re7 29. Rdc1 Bh3 30. Rxe7 Kxe7 {[%mdl 4096] Endgame KRB-KRB} 31. Rc7+ Kf6 32. f4 Rc8 33. Rxb7 Rc1+ 34. Kf2 Rc2+ 35. Ke3 Rxa2 36. b4 Ra3+ 37. Kd4 Ra1 38. Bf3 Ra3 39. Be4 a5 40. Rb6 axb4 41. Rxd6+ Ke7 42. Rb6 Ra4 43. Bd5 b3+ 44. Ke5 Ra5 45. Rb7+ ({Avoid the trap} 45. Rxb3 $2 {[#]} Rxd5+ $1 {[%mdl 512]} 46. Kxd5 Be6+ 47. Ke4 Bxb3 $19) 45... Ke8 46. Rxb3 Bg2 $1 {[%cal Rg2d5]} 47. Rd3 Ke7 48. f5 h5 49. Rd2 Bxd5 50. Rxd5 $11 {KR-KR} Ra2 51. h3 Ra3 52. Kf4 h4 53. g4 {Threatens to win with Re5+.} Rxh3 54. Kg5 Ra3 (54... Rh1 $1 $11 {keeps the balance.}) 55. Kg6 (55. Kxh4 $16 Kf7 56. Rd7+ Kf6 57. Rd6+ Kf7 58. g5) 55... h3 {aiming for ...Rg3.} 56. Kxg7 Rg3 $2 {[%mdl 8192]} (56... h2 $11 57. f6+ Ke6) 57. Re5+ $2 (57. f6+ $18 Ke6 58. Rd4) 57... Kd7 {...h2 is the strong threat.} 58. f6 {Black must now prevent Re4.} Rxg4+ 59. Kf7 Rh4 60. Rd5+ Kc6 61. Rd1 h2 62. Ke7 h1=Q 63. Rxh1 Rxh1 64. f7 Rh4 $2 {[%mdl 8192]} (64... Re1+ $11 65. Kf6 Rf1+ 66. Ke7 Rf5) 65. f8=Q {Weighted Error Value: White=0.20/Black=0.12} 1-0

[Event "FIDE Olympiad Disabilties-KO 2020"]
[Site "Online"]
[Date "2020.11.21"]
[Round "1.1"]
[White "Suslov, Evgeniy"]
[Black "Lukasik, Zuzanna"]
[Result "1-0"]
[WhiteElo "2236"]
[BlackElo "1643"]
[Annotator "TA"]
[PlyCount "55"]
[EventDate "2020.11.29"]
[EventType "team-tourn"]
[EventCountry "NET"]
[SourceTitle "playchess.com"]
[Source "ChessBase"]
[SourceQuality "1"]

{[%evp 12,55,30,29,77,54,122,81,63,56,66,62,79,60,63,69,140,145,135,118,122,40,302,135,127,133,122,116,173,139,127,120,131,117,128,125,123,112,114,109,110,98,29987,29988,29988,29989]} 1. Nf3 d5 2. g3 c5 3. Bg2 Nc6 4. d4 cxd4 5. Nxd4 e5 6. Nxc6 bxc6 7. c4 {[%cal Rc4d5]} Bb7 {D02: 1 d4 d5 2 Nf3 sidelines, including 2...Nf6 3 g3 and 2...Nf6 3 Bf4.} 8. O-O Ne7 (8... Qd7 $14) 9. cxd5 cxd5 {White is better.} 10. Nc3 Qd7 11. Qb3 {[#]} Bc6 $146 ({Predecessor:} 11... Rb8 12. Rd1 d4 13. e3 Nc6 14. Qb5 Bd6 15. Ne4 O-O 16. exd4 exd4 17. Nxd6 Qxd6 {1-0 (29) Orzechowski,J (2244)-Tumolewska,K (1800) Poland 2005}) 12. e3 Rd8 13. Rd1 Qe6 (13... f5 $14) 14. Bd2 $1 $16 g6 15. Rac1 {Threatens to win with Nb5.} Bg7 16. Qa3 (16. Nb5 $16 O-O 17. Nxa7) 16... Ra8 $2 {[%mdl 8192] [#]} (16... O-O $14) 17. Na4 (17. e4 $1 $18 {[%cal Re4d5] and the rest is easy.} O-O 18. Bg5) 17... O-O 18. Bb4 Bxa4 19. Qxa4 {Rc7 is the strong threat.} Rfd8 (19... Rfc8 $16 {was necessary.}) 20. Bxe7 Qxe7 21. Bxd5 Rab8 22. b3 Rbc8 23. Rxc8 Rxc8 24. Bc4 {aiming for Rd7!} Rc7 25. Qb5 h5 26. Qd5 Kf8 $2 {[%mdl 8192] [#]} (26... e4 $16) 27. Qa8+ $1 Qe8 {[#]} 28. Rd8 $1 {Weighted Error Value: White=0.22/Black=0.67} 1-0

[Event "FIDE Olympiad Disabilties-KO 2020"]
[Site "Online"]
[Date "2020.11.21"]
[Round "1.1"]
[White "Mukha, Nikolay"]
[Black "Nowak, Lukasz"]
[Result "0-1"]
[WhiteElo "2163"]
[BlackElo "2265"]
[Annotator "TA"]
[PlyCount "50"]
[EventDate "2020.11.29"]
[EventType "team-tourn"]
[EventCountry "NET"]
[SourceTitle "playchess.com"]
[Source "ChessBase"]
[SourceQuality "1"]

{[%evp 13,50,8,14,15,27,-15,-8,-15,-8,-8,-24,-25,-24,-61,-19,-105,-100,-102,-29,-271,-271,-367,-351,-359,-233,-228,-200,-422,-439,-415,-402,-378,-395,-637,-637,-637,-637,-637,-637]} 1. d4 Nf6 2. c4 e6 3. g3 d5 4. Bg2 Be7 5. Nf3 O-O 6. O-O dxc4 7. Qc2 b5 8. a4 {E05: Open Catalan: 5 Nf3 Be7.} b4 9. Qxc4 Ba6 10. Qc2 {The position is equal.} Nbd7 {[%cal Bb8d7,Bd7e5,Be5c4][%mdl 32]} 11. Ne5 Nxe5 12. Bxa8 Qxd4 13. Bg2 c5 14. Be3 (14. Bf4 $1 $11 {remains equal.}) 14... Qc4 $36 {[%mdl 2048] [#] Keeping White busy.} 15. Rc1 $146 ({Predecessor:} 15. Qxc4 Nxc4 16. Bc1 Rd8 17. Bf3 Ne5 18. Re1 Nxf3+ 19. exf3 Bb7 20. Nd2 Rd3 21. Re3 {½-½ (67) Carrai,G (1820)-Bonade,M (2079) Codogno 2011}) 15... Rd8 ({Of course not} 15... Qxe2 $6 16. Qxe2 Bxe2 17. Bxc5 $11) ({Black should try} 15... Nd5 $17 16. Qd2 {[#]} Nxe3 $1 {[%mdl 512]} 17. Qxe3 (17. Rxc4 $2 N5xc4 18. Qc1 Bf6 $17) 17... Qxe2 18. Qxe2 Bxe2) 16. Qxc4 $2 {[#] Now White is beyond hope.} (16. Nd2 $1 $11 Qxe2 17. Nb3 (17. Bf1 $2 Qh5 $19)) 16... Nxc4 $19 17. b3 Nxe3 18. fxe3 Ng4 ({Weaker is} 18... Bxe2 19. Ra2 $17) 19. Bf3 Nxe3 {White must now prevent ...c4.} 20. Kf2 $2 (20. Ra2) 20... c4 21. Nd2 Rxd2 22. Kxe3 c3 23. Rd1 $2 (23. Kf2 Rb2 24. Ke1) 23... Bg5+ {Black is clearly winning.} 24. Kf2 {Now Rxd2 and White clings on.} Rxd1 25. Rxd1 c2 {Weighted Error Value: White=0.53/Black=0.23} 0-1

[Event "FIDE Olympiad Disabilties-KO 2020"]
[Site "Online"]
[Date "2020.11.21"]
[Round "1.1"]
[White "Piekielny, Pawel"]
[Black "Obodchuk, Andrei"]
[Result "1-0"]
[WhiteElo "2098"]
[BlackElo "2299"]
[Annotator "TA"]
[PlyCount "157"]
[EventDate "2020.11.29"]
[EventType "team-tourn"]
[EventCountry "NET"]
[SourceTitle "playchess.com"]
[Source "ChessBase"]
[SourceQuality "1"]

{[%evp 16,157,34,16,11,18,20,21,17,19,17,12,27,-22,-28,-28,-6,-15,0,0,7,0,45,35,40,20,29,29,25,23,34,22,16,21,23,25,35,34,49,35,35,27,85,97,162,159,154,152,162,64,64,62,56,42,75,75,75,75,91,90,109,91,124,124,150,45,59,59,67,45,45,45,46,23,23,8,8,10,10,8,8,8,8,8,8,8,8,8,8,8,8,8,8,8,8,8,8,8,8,8,8,8,8,8,8,8,8,8,8,8,8,8,8,8,8,8,8,8,8,8,8,8,8,8,8,8,8,8,8,0,8,0,8,8,29978,29979,29978,29979,29979,29980,29985,29986,29985,29986]} 1. e4 e5 2. Nf3 Nc6 3. Bb5 a6 4. Ba4 Nf6 5. O-O Be7 6. Re1 b5 7. Bb3 O-O 8. c3 d5 9. d4 (9. exd5 {is more complex.} Nxd5 10. Nxe5 Nxe5 11. Rxe5 c6 12. d4) 9... dxe4 {C89: Closed Ruy Lopez: Marshall Attack.} 10. Nxe5 Nxe5 11. dxe5 Qxd1 {The position is equal.} 12. Bxd1 Nd7 13. Rxe4 {is now debated instead of 13.Bc2.} Nc5 {[#]} 14. Re1 $146 ({Predecessor:} 14. Re2 Bg4 15. f3 Bf5 16. Be3 Rfd8 17. Nd2 Bd3 18. Rf2 Bg6 19. f4 Nd3 20. Rf1 Nxb2 {½-½ (48) Ponkratov,P (2632)-Aronian,L (2775) Moscow 2019}) 14... Nd3 {[%mdl 64] Double Attack} 15. Rf1 $1 Nxc1 16. Bf3 Bf5 {Threatens to win with ...Nd3.} 17. Rxc1 Rad8 18. a4 Bc5 19. axb5 axb5 20. Ra5 Rfe8 21. b4 Bb6 22. Rxb5 Bd3 23. Rd5 Rxd5 24. Bxd5 Rxe5 25. Bf3 g5 26. Nd2 f5 {next ...g4 is good for Black.} 27. h3 Kg7 28. Nb3 Kg6 (28... Bc4 $11 29. Nd2 Bf7) 29. c4 $16 g4 (29... c5 $16) 30. hxg4 $18 fxg4 31. Bxg4 {And now c5 would win.} Re4 32. Bf3 (32. c5 $1 $18 {[%cal Rc5b6]} Ba7 33. Bd7 Rxb4 34. Ra1) 32... Rxc4 $14 33. Rxc4 Bxc4 {[%mdl 4096] Endgame KBB-KBN} 34. Be4+ Kg7 35. Nc5 h6 36. f4 Kf6 37. Kf2 Ke7 38. Ke3 Kd6 {[#]} 39. Kd4 $1 {[%cal Rd4c4]} Bf7 40. g4 ({White should try} 40. f5 $16) 40... Bg8 41. Bd3 {Hoping for Bc4.} Be6 42. g5 hxg5 43. fxg5 c6 44. g6 Ke7 $1 45. Bc4 Bxc4 $1 46. Kxc4 $11 {KB-KN} Ba7 47. Nd3 Kf6 48. Ne5 Bg1 49. Nxc6 Kxg6 50. Kd5 Kf7 51. Kd6 Ke8 52. Kc7 Bh2+ 53. Kc8 Bg1 54. b5 Bf2 55. Nb4 Bg1 56. Nd3 Ke7 57. Kc7 Bh2+ 58. Kc6 Bg1 59. Nc5 Kd8 60. b6 Bh2 61. b7 {White wants to mate with Ne6+. Cut Off at move 61} Ke7 62. Na6 {White threatens Nc7 and mate.} Kd8 63. Nb4 Ke7 64. Nd5+ $1 Kd8 65. Nc3 Ke7 66. Nb5 {Intending Nc7 and mate.} Bb8 $1 67. Nc7 {Black must now prevent Na6.} Kd8 68. Ne6+ Ke7 69. Nd4 Kd8 70. Nf5 Ke8 71. Nd6+ Kd8 72. Nb5 Ke7 73. Nc3 Ke8 74. Ne4 Kd8 $2 {[%mdl 8192] [#] Loses the game.} (74... Ke7 $11) 75. Nc5 $1 {White mates.} Ba7 76. Na6 Ke7 77. Kc7 Bg1 78. Kc8 Ba7 79. Nc7 {Weighted Error Value: White=0.10/Black=0.09} 1-0

[Event "FIDE Olympiad Disabilties-KO 2020"]
[Site "Online"]
[Date "2020.11.21"]
[Round "1.1"]
[White "Szalko, Maciej"]
[Black "Kaydanovich, Marina"]
[Result "1-0"]
[WhiteElo "1946"]
[BlackElo "1734"]
[Annotator "TA"]
[PlyCount "67"]
[EventDate "2020.11.29"]
[EventType "team-tourn"]
[EventCountry "NET"]
[SourceTitle "playchess.com"]
[Source "ChessBase"]
[SourceQuality "1"]

{[%evp 12,67,23,22,48,49,55,41,59,54,56,60,51,52,59,62,64,58,58,82,87,85,88,96,83,92,112,-35,-18,-63,87,83,139,134,137,136,202,203,185,197,195,165,324,275,272,214,560,560,610,561,589,538,724,714,1579,1553,1318,1299]} 1. d4 d5 2. c4 e6 3. g3 Nf6 4. Nf3 dxc4 5. Bg2 c5 6. O-O Nc6 7. Qa4 Be7 {E04: Open Catalan: 5 Nf3.} 8. dxc5 Bxc5 9. Qxc4 Qb6 {White is slightly better.} 10. Nc3 {[#]} Qb4 $146 ({Predecessor:} 10... Na5 11. Qd3 Bd7 12. a3 Nb3 13. Rb1 Nxc1 14. Rbxc1 Rd8 15. Qc2 Ng4 16. Ne4 Be3 {0-1 (57) Hastie,S (1556)-Masilela,M (1099) Boksburg 2018}) 11. Qd3 O-O 12. a3 Qg4 13. Bg5 Be7 14. h3 Qh5 15. Rfd1 Qg6 16. Qb5 h6 {[#] And now ...a6 would win.} 17. Bf4 a6 18. Qc4 Qf5 19. b4 (19. Nd4 $16 Nxd4 20. Rxd4 (20. Qxd4 Rd8 $16)) 19... e5 $15 {aiming for ...Be6.} 20. e4 Nxe4 (20... Qh5 $1 $15 {stays ahead.} 21. Be3 Bxh3 22. Bxh3 Qxh3) 21. Nxe5 $1 $16 ({Don't play} 21. Qxe4 $6 Qxe4 22. Nxe4 exf4 $11) 21... Nxc3 (21... Nxe5 $142 22. Qxe4 Qxe4 23. Nxe4 (23. Bxe4 Nc4 $16) 23... Nc4) 22. Nxc6 ({Much worse is} 22. Qxc3 $6 Bf6 $11) 22... bxc6 23. Qxc3 Bf6 (23... Ra7 $16) 24. Qxc6 $18 Bxa1 25. Qxa8 Qf6 26. Qc6 Qb2 $2 {[#]} (26... Qxc6 27. Bxc6 Bf6) 27. Bd6 Rd8 28. Re1 Be6 $2 (28... Qf6 {is tougher.} 29. Re8+ Kh7) 29. Be5 {White is clearly winning.} Qxe5 30. Rxe5 Bxe5 31. Qxa6 Rd1+ 32. Kh2 Rd2 33. Qa8+ Kh7 34. Qe4+ {[%mdl 64] Double Attack.  Weighted Error Value: White=0.20/Black=0.49} 1-0

[Event "FIDE Olympiad Disabilties-KO 2020"]
[Site "Online"]
[Date "2020.11.21"]
[Round "1.1"]
[White "Stolarczyk, Anna"]
[Black "Sovietova, Kateryna"]
[Result "1-0"]
[WhiteElo "1909"]
[BlackElo "1338"]
[Annotator "TA"]
[PlyCount "75"]
[EventDate "2020.11.29"]
[EventType "team-tourn"]
[EventCountry "NET"]
[SourceTitle "playchess.com"]
[Source "ChessBase"]
[SourceQuality "1"]

{[%evp 14,74,28,6,14,16,37,19,110,75,177,0,7,-58,-66,-73,-77,-53,28,8,8,4,41,41,75,-66,-62,-61,27,30,45,5,75,73,107,97,156,68,60,50,102,69,85,69,202,202,204,210,780,122,127,120,364,352,657,628,29985,29986,29997,29998,29998,29999,29999]} 1. d4 d5 2. Nf3 Nf6 3. e3 c6 4. c4 e6 5. Nc3 Be7 6. Bd3 O-O 7. O-O Nbd7 8. Re1 {8.e4 is the modern continuation.} dxc4 {D46: Semi-Slav: 5 e3 Nbd7 6 Bd3, Black avoids the Meran.} 9. Bxc4 Qc7 10. e4 Re8 {[#]} (10... e5 $11 {keeps the balance.}) 11. Qc2 $146 ({Predecessor:} 11. b3 a6 12. Bb2 b5 13. Bd3 Bb7 14. Rc1 Nb6 15. h3 Rac8 16. Qc2 h6 17. Ne5 {0-1 (41) De Carvalho,T (1531)-Gimni,J (1778) Pirai do Sul 2017}) 11... h6 (11... Nf8 $16 {might work better.}) 12. b3 $2 (12. e5 $1 $18) 12... e5 $11 13. dxe5 (13. Ne2 $11) 13... Nxe5 $15 14. Nxe5 Qxe5 15. f4 Qc7 (15... Bc5+ $15 16. Kh1 Qh5) 16. e5 $36 {[%mdl 2048] White is more active.} Nd5 17. Ne4 Qb6+ 18. Kh1 $1 Bf5 {[#]} 19. Bxd5 (19. Nf6+ $1 $16 {[%mdl 512]} Bxf6 (19... Nxf6 20. Qxf5) 20. Qxf5) 19... cxd5 {[#]} 20. Nf6+ $1 {[%mdl 512]} Bxf6 ({Black should play} 20... Qxf6 $1 $15 21. exf6 Bxf6) 21. Qxf5 $11 Be7 22. Bb2 g6 (22... Qf2 $11 23. e6 {[%mdl 64] Discovered Attack} Rf8) 23. Qd3 $16 Rad8 24. f5 {e6 is the strong threat.} gxf5 {[#]} (24... d4 $142) 25. Qxf5 (25. e6 $1 $16 {[%cal Re6f7] Strongly threatening exf7+.} fxe6 26. Qg3+ Bg5 27. h4 {[%mdl 64] Pin}) 25... Qg6 $14 26. Qf2 Kh7 (26... b6 $14) 27. Rac1 b6 28. Rf1 {Black must now prevent Rc6.} Rf8 ({Better is} 28... Bc5 $14 29. Qxf7+ Qxf7 30. Rxf7+ Kg8) 29. Rc7 $1 $18 {[%csl LRa7,LRe7][%mdl 64] Double Attack} Bc5 {[#]} 30. Qd2 $1 ({Not} 30. Rxf7+ Kg8 $11) 30... a5 $2 (30... Rc8 31. Rxa7 Kg8 32. Qxd5 (32. b4 Be3 $16) 32... Rcd8) 31. Bc1 $2 (31. Rf6 $18 {and White stays clearly on top.} Qh5 32. e6) 31... Bb4 $16 32. Qd4 {Threatens to win with a3.} Bc5 $2 (32... Rc8 $16 {was necessary.} 33. Rxc8 Rxc8) 33. Qh4 $18 {Hoping for Rf6.} Rde8 $2 (33... Qd3 34. Rfxf7+ Rxf7 35. Qxh6+ (35. Rxf7+ Kg8 $14) 35... Kg8 36. Qg5+ {[%mdl 64] Double Attack} Kh8 37. Qxd8+ Bf8 38. Qh4+ Kg8 39. Qg5+ Kh8 40. Qh5+ {[%mdl 64] Double Attack} Rh7 41. Rxh7+ Qxh7) 34. Rf6 Be7 35. Rxe7 {White mates.} Qc2 36. Rxh6+ Kg7 37. Qf6+ Kg8 38. Rh8# {Weighted Error Value: White=0.62/Black=0.67} 1-0

[Event "FIDE Olympiad Disabilties-KO 2020"]
[Site "Online"]
[Date "2020.11.21"]
[Round "1.2"]
[White "Tazbir, Marcin"]
[Black "Yarmonov, Igor"]
[Result "1/2-1/2"]
[WhiteElo "2513"]
[BlackElo "2391"]
[Annotator "TA"]
[PlyCount "78"]
[EventDate "2020.11.29"]
[EventType "team-tourn"]
[EventCountry "NET"]
[SourceTitle "playchess.com"]
[Source "ChessBase"]
[SourceQuality "1"]
[WhiteTeam "Poland"]
[BlackTeam "Ukraine"]
[WhiteTeamCountry "POL"]
[BlackTeamCountry "UKR"]

{[%evp 9,78,0,27,24,22,33,20,-3,33,33,40,26,40,27,32,29,33,20,136,54,81,86,85,80,94,98,102,89,86,100,85,78,105,93,95,91,115,115,111,104,111,109,153,142,160,148,163,165,189,151,239,244,226,237,211,42,102,8,8,8,7,0,0,0,0,0,0,0,0,0,0]} 1. e4 c6 2. Nc3 d5 3. Qf3 dxe4 4. Nxe4 Nf6 5. Bc4 e6 (5... Nbd7 {is interesting.} 6. Bb3 a5 7. a4 e6 8. d4 c5) 6. Nxf6+ {B11: Caro-Kann: Two Knights Variation.} Qxf6 7. Qxf6 gxf6 8. Ne2 Bd6 9. d4 Nd7 {[#]} 10. c3 $146 ({Predecessor:} 10. Bf4 Bxf4 11. Nxf4 b5 12. Bd3 Nb6 13. O-O-O Bb7 14. Rhe1 O-O-O 15. c3 f5 16. Be2 {0-1 (69) Castillo Rodriguez,A (1805)-Buendia Pinar,A (1999) Salobrena 2012}) 10... b6 11. Bf4 Bxf4 12. Nxf4 Bb7 13. f3 e5 {[#]} (13... c5 $11 {keeps the balance.}) 14. dxe5 (14. Nh5 $1 $16) 14... fxe5 15. Nh5 b5 16. Bb3 Nc5 17. O-O-O Ke7 18. Rhe1 f6 19. f4 Rhd8 20. fxe5 Nxb3+ 21. axb3 Rxd1+ 22. Kxd1 fxe5 23. Rxe5+ $16 {[%mdl 4096] Endgame KRB-KRN} Kd6 24. Rf5 c5 25. Nf4 a5 26. g3 Be4 27. Rf6+ Ke5 28. Re6+ Kf5 29. Rh6 a4 (29... Rd8+ $16 {was worth a try.} 30. Ke2 Bc2) 30. bxa4 $18 bxa4 31. Rxh7 Kg4 32. Rh5 $2 (32. Rh4+ $18 Kf3 33. Ne6) 32... Rb8 (32... Kf3 $14) 33. Kc1 ({Much worse is} 33. Rxc5 $6 Rxb2 34. Rc4 Kf3 $11) (33. Re5 $16 a3 34. Rxe4 (34. bxa3 Kf3 $11) 34... axb2 35. Nd3+ {[%mdl 64] Discovered Attack} Kf3 36. Rf4+ Ke3 37. Nxb2 Rxb2 38. h4) 33... a3 $1 $11 {[%cal Ra3b2] The position is equal.} 34. bxa3 Kf3 $1 35. Rxc5 {[#] Black must now prevent c4.} Rb1+ 36. Kd2 {aiming for Nd3.} Rb2+ 37. Kc1 Rb1+ 38. Kd2 {Threatens to win with Nd3.} Rb2+ 39. Kc1 Rb1+ {Blacks defense is rewarded with a draw.  Weighted Error Value: White=0.24/Black=0.20} 1/2-1/2